| 000 | 01359cad a22002055a 4500 | ||
|---|---|---|---|
| 001 | L155674 | ||
| 008 | 120402s2012 xxk 000 0 eng d | ||
| 035 | _a(Sirsi) u155674 | ||
| 041 | 0 | _aeng | |
| 110 | 2 |
_aColliers International _95548 |
|
| 245 | 0 | 0 |
_aGlobal industrial highlights _bsecond half 2011 - March 2012 _h[electronic resource] |
| 260 |
_aSeattle _bColliers International _c2012 |
||
| 490 | 0 |
_aColliers International Global Industrial Highlights _vsecond half 2011 |
|
| 520 | _aOffers a global industrial trend forecast. Growing global trade will steady demand for quality warehouse space in many regions. Industrial vacancy rates will further drop in most markets. Some markets, U.S. and Australia among them, will experience a lack of new supply in the face of growing demand. Prime warehouse rents will climb in most Asia Pacific markets, remain stable in EMEA and LATAM, and continue to strengthen in North American markets. Tables cover global industrial capitalization rates (Prime yields/percent) for 18 markets; Global top 10 industrial warehouse rents; detailed prime warehouse rent and other data for cities within world regions. | ||
| 590 | _aKA | ||
| 650 | 2 | 4 |
_aCommercial property _96227 |
| 651 | 4 | _aInternational | |
| 856 | 4 | 0 |
_uhttps://dsg.colliers.com/document.aspx?report=2720.PDF _zView the report at dsg.colliers.com |
| 942 | _n0 | ||
| 999 |
_c83895 _d83895 |
||